| 000 | 00362cam a2200145ua 4500 | ||
|---|---|---|---|
| 003 | OSt | ||
| 008 | 231201b |||||||| |||| 00| 0 eng d | ||
| 041 | _aeng | ||
| 082 |
_a028.7363 _bSTA/KR |
||
| 245 | 0 | 0 | _aKrishi sabdavali, Vol 1 / |
| 250 | _a1 / | ||
| 260 |
_aThiruvananthapuram : _bState Instititute of Languages , _c1969. |
||
| 300 | _a218 ; . | ||
| 942 | _cBK | ||
| 999 |
_c9216 _d9216 |
||